| 000 | 00911nam a2200229 4500 | ||
|---|---|---|---|
| 001 | 85200 | ||
| 003 | BD-RjUL | ||
| 005 | 20250714163237.0 | ||
| 008 | 250714s1957 pk ||||| |||| 00| 0 urd d | ||
| 035 | _a(BD-RjUL)85200 | ||
| 040 |
_aBD-RjUL _beng _cBD-RjUL |
||
| 041 | _aurd | ||
| 082 |
_223 _a891.4391 _bANM 1957 |
||
| 100 |
_a انصارى، سجّاد على ;; Ansari, Sajjad Ali _916028 |
||
| 245 | 1 | 0 |
_aمحشر خيال / Maḥshar-i k̲h̲ayāl / _cاثر سجّاد على انصارى، مرتّبہ خواجہ منظور حسىن.,., Manz̤ūr Ḥusain (Editor) / as̲ar-i Sajjād ʻAlī Anṣārī, murattabah-yi K̲h̲vājah Manz̤ūr Ḥusain, Sajjād ʻAlī. Anṣārī |
| 250 | _a3rd.ed. | ||
| 260 |
_aLahore : _bAyna adab, _c1957 |
||
| 300 |
_a287 p. ; _c17 cm |
||
| 650 | _aUrdu Poetry | ||
| 700 |
_a حسىن، خواجہ منظور ;; Hussain, Khwaja Manzoor _916030 |
||
| 942 |
_2ddc _cBK |
||
| 999 |
_c85200 _d85200 |
||